Didáctica de la matemática en la escuela primaria; segunda parte /
Guardado en:
| Autor Principal: | |
|---|---|
| Formato: | Libro |
| Publicado: |
Buenos Aires :
Kapelusz,
1975
|
| Materias: | |
| Etiquetas: |
Agregar Etiqueta
Sin Etiquetas, Sea el primero en etiquetar este registro!
|
| LEADER | 00960nam a22002175a 4500 | ||
|---|---|---|---|
| 001 | CEM.cems002279 | ||
| 005 | 20060216000000.0 | ||
| 008 | 130507s1975##################000#0#####d | ||
| 003 | CEMS | ||
| 082 | 0 | 4 | |a 372.7 |
| 100 | 1 | |a Escalona, Francisca de | |
| 245 | 1 | 0 | |a Didáctica de la matemática en la escuela primaria; segunda parte / |c Francisca de Escalona |
| 260 | |a Buenos Aires : |b Kapelusz, |c 1975 | ||
| 300 | |a 237 p. | ||
| 505 | 0 | |a 1. Ense¤anza de la multiplicaci¢n en la escuela primaria. 2. Divisi¢n. 3. Caracteres divisibilidad. 4. Factores, n£meros primos. m ximo cum£n divisor y m¡nimo com£n m£ltiplo. 5.Las fracciones. 6. geometr¡a | |
| 653 | |a Didactica de la matematica | ||
| 653 | |a Educacion | ||
| 653 | |a Educacion primaria | ||
| 859 | |a CEMS |b BIB. CEMS - 11 de abril |h 372.7 |i Es14/II |p 8091.80 |t Ej.1 | ||
| 859 | |a CEMS |b BIB. CEMS - 11 de abril |h 372.7 |i Es14/II |p 8092.80 |t Ej.2 | ||
| 859 | |a CEMS |b BIB. CEMS - 11 de abril |h 372.7 |i Es14/II |p 9545.81 |t Ej.3 | ||
